| 000 | 00750nam a22002057a 4500 | ||
|---|---|---|---|
| 003 | OSt | ||
| 005 | 20251120090959.0 | ||
| 008 | 251120b |||||||| |||| 00| 0 eng d | ||
| 020 | _a0-684-84763-9 | ||
| 040 |
_aDWC-Main lib _cOC |
||
| 082 | _aCirc. 610.73 B948 1998 | ||
| 100 | _aBurckhardt, J. | ||
| 245 |
_aNational Council Licensure Examination (NCLEX) : _bpowerful strategies to help you pass the first time _cBurckhardt, Judith A. |
||
| 260 |
_aNew York : _bKaplan Educational Centers, _c c1998 |
||
| 300 |
_aix, 343 pages : _c 28 cm. |
||
| 650 | _2Nursing-examinations, questions | ||
| 700 | _aIrwin, Barbara J. | ||
| 700 | _aMansell, Catherine | ||
| 942 |
_2ddc _cBK-CIRC _hCirc. 610.73 B948 1998 _kCirc. _n0 |
||
| 999 |
_c5841 _d5841 |
||